000 00747nam a2200193I1 4500
008
111 2 0 _aRoss Roundtable on Critical Approaches to Common Pediatric Problems.
245 1 0 _aAdolescent gynecology;
_breport of the seventh Ross Roundtable on Critical Approaches to Common Pediatric Problems, in collaboration with the Ambulatory Pediatric Association.
260 0 _a[Columbus, Oh.,
_bRoss Laboratories,
_cc1977]
300 _a57 p.
_bill. ;f
_c22 cm.
490 0 _aRoss roundtable report.
650 2 _aGenital Diseases, Female
_xAdolescent
_vCongresses.
907 _a.b10291246
_b15-02-11
_c15-02-11
003
005 20230123125131.0
040 _cNUST
049 _aMAIN
942 _cBOOKS
999 _c136308
_d136308